[Event "Oberliga Nord O 2122"]
[Site "Germany"]
[Date "2022.05.01"]
[Round "9.7"]
[White "Valet, Richard"]
[Black "Zeihser, Michael"]
[Result "1/2-1/2"]
[WhiteElo "2027"]
[BlackElo "2115"]
[PlyCount "62"]
[EventDate "2021.10.31"]
[EventType "team-tourn"]
[EventRounds "9"]
[EventCountry "GER"]
[SourceTitle "EXT 2023"]
[Source "ChessBase"]
[SourceDate "2022.10.05"]
[SourceVersion "1"]
[SourceVersionDate "2022.10.05"]
[SourceQuality "1"]
[WhiteTeam "Greifswald"]
[BlackTeam "Forster"]
[WhiteTeamCountry "GER"]
[BlackTeamCountry "GER"]

1. e4 c5 2. Nc3 d6 3. g3 Nf6 4. Bg2 Nc6 5. d3 g6 6. f4 Bg7 7. Nf3 0-0 8. 0-0 Nd4 9. h3 Rb8 10. Be3 Nd7 11. Qd2 b5 12. Nh4 b4 13. Nd1 a5 14. c3 Nb5 15. f5 Ne5 16. Rc1 bxc3 17. bxc3 c4 18. d4 Nd3 19. Rb1 Bd7 20. Nf2 Nxf2 21. Rxf2 Na3 22. Rbf1 a4 23. Bh6 Qa5 24. Bxg7 Kxg7 25. f6+ exf6 26. Rxf6 Rb1 27. d5 Rxf1+ 28. Rxf1 Nb5 29. Rc1 Qb6+ 30. Kh2 f6 31. Qe2 Qc5 1/2-1/2

[Event "Bad Woerishofen op 36th"]
[Site "Bad Woerishofen"]
[Date "2020.03.10"]
[Round "5"]
[White "Valet, Richard"]
[Black "Kluegel, Jan"]
[Result "1-0"]
[WhiteElo "2034"]
[BlackElo "1846"]
[PlyCount "76"]
[EventDate "2020.03.06"]
[EventType "swiss"]
[EventRounds "9"]
[EventCountry "GER"]
[SourceTitle "CBM 195 Extra"]
[Source "ChessBase"]
[SourceDate "2020.05.31"]
[SourceVersion "1"]
[SourceVersionDate "2020.05.31"]
[SourceQuality "1"]

1. e4 c6 2. d4 d5 3. exd5 cxd5 4. Bd3 Nc6 5. c3 Qc7 6. Ne2 Bg4 7. 0-0 e6 8. Qe1 Bh5 9. Nf4 Nf6 10. Nxh5 Nxh5 11. f4 Bd6 12. Qh4 g6 13. g4 Be7 14. Qh3 Nf6 15. Nd2 0-0-0 16. Kh1 h5 17. g5 Ne8 18. Nf3 Ng7 19. Bd2 Bd6 20. Rac1 Nf5 21. Ne5 Kb8 22. Rc2 Qe7 23. Be3 Rc8 24. Rfc1 Rc7 25. b3 Rhc8 26. Nxc6+ Rxc6 27. c4 Ba3 28. Rb1 Bb4 29. c5 a6 30. a3 Ba5 31. b4 Bd8 32. a4 f6 33. b5 axb5 34. axb5 R6c7 35. b6 Rc6 36. Ra2 Qf7 37. Bxf5 exf5 38. Bd2 Qe7 1-0

[Event "MVP-ch Seniors op 19th"]
[Site "Ostseebad Binz"]
[Date "2019.12.03"]
[Round "7"]
[White "Weiss, Hartwig"]
[Black "Valet, Richard"]
[Result "0-1"]
[WhiteElo "1934"]
[BlackElo "2012"]
[PlyCount "64"]
[EventDate "2019.11.27"]
[EventType "swiss"]
[EventRounds "9"]
[EventCountry "GER"]
[SourceTitle "EXT 2021"]
[Source "ChessBase"]
[SourceDate "2020.10.23"]
[SourceVersion "1"]
[SourceVersionDate "2020.10.23"]
[SourceQuality "1"]

1. d4 Nf6 2. Nf3 g6 3. Bf4 Bg7 4. Nbd2 d5 5. c3 0-0 6. e3 b6 7. h3 c5 8. Bd3 Bb7 9. 0-0 Nc6 10. Re1 Re8 11. Rc1 Rc8 12. Bb1 Nd7 13. Bh2 e5 14. dxe5 Ndxe5 15. Nxe5 Nxe5 16. Nf3 Qd7 17. Nxe5 Bxe5 18. Bxe5 Rxe5 19. Bd3 Rce8 20. Qd2 Qe6 21. Red1 Rg5 22. h4 Rh5 23. g3 d4 24. e4 c4 25. Bb1 d3 26. f3 f5 27. exf5 Qxf5 28. Re1 Qc5+ 29. Kg2 Rhe5 30. Rxe5 Qxe5 31. Rf1 Qe2+ 32. Rf2 Bxf3+ 0-1

[Event "MVP-ch Seniors op 19th"]
[Site "Ostseebad Binz"]
[Date "2019.12.02"]
[Round "6"]
[White "Valet, Richard"]
[Black "Jacob, Helmut"]
[Result "1/2-1/2"]
[WhiteElo "2012"]
[BlackElo "2124"]
[PlyCount "53"]
[EventDate "2019.11.27"]
[EventType "swiss"]
[EventRounds "9"]
[EventCountry "GER"]
[SourceTitle "EXT 2021"]
[Source "ChessBase"]
[SourceDate "2020.10.23"]
[SourceVersion "1"]
[SourceVersionDate "2020.10.23"]
[SourceQuality "1"]

1. e4 d5 2. exd5 Qxd5 3. Nc3 Qd8 4. g3 Nf6 5. Bg2 c6 6. d4 Bf5 7. h3 h6 8. d5 cxd5 9. Nxd5 Nxd5 10. Qxd5 Qxd5 11. Bxd5 Nc6 12. c3 e6 13. Bg2 0-0-0 14. Be3 Ne5 15. Ne2 Nd3+ 16. Kf1 Bc5 17. Nd4 Bh7 18. b4 Bb6 19. g4 Nb2 20. a4 Nc4 21. a5 Nxe3+ 22. fxe3 Bc7 23. Ke2 Rd7 24. b5 Bd6 25. a6 bxa6 26. Bc6 Re7 27. bxa6 1/2-1/2

[Event "MVP-ch Seniors op 19th"]
[Site "Ostseebad Binz"]
[Date "2019.11.29"]
[Round "3"]
[White "Lehr, Thomas"]
[Black "Valet, Richard"]
[Result "0-1"]
[WhiteElo "1894"]
[BlackElo "2012"]
[PlyCount "70"]
[EventDate "2019.11.27"]
[EventType "swiss"]
[EventRounds "9"]
[EventCountry "GER"]
[SourceTitle "EXT 2021"]
[Source "ChessBase"]
[SourceDate "2020.10.23"]
[SourceVersion "1"]
[SourceVersionDate "2020.10.23"]
[SourceQuality "1"]

1. e4 c5 2. c3 d5 3. exd5 Qxd5 4. d4 Nc6 5. Nf3 cxd4 6. cxd4 e5 7. dxe5 Qxd1+ 8. Kxd1 Bg4 9. Be3 Nge7 10. h3 Bxf3+ 11. gxf3 Nxe5 12. f4 N5c6 13. Nd2 g6 14. Rc1 Bh6 15. Bg2 0-0 16. h4 Rad8 17. Rc5 Rfe8 18. h5 Bg7 19. Kc1 Nb4 20. Kb1 Ned5 21. hxg6 hxg6 22. Nf1 b6 23. Rc4 Nd3 24. Bxd5 Rxd5 25. Rc2 Rb5 26. b3 a5 27. Nd2 Nb4 28. Rc4 Rd8 29. a4 Rbd5 30. Rd1 b5 31. axb5 Rxb5 32. Rc5 Rxc5 33. Bxc5 Rd3 34. Be3 Nd5 35. Re1 Nxe3 0-1

[Event "Arco op 41st"]
[Site "Arco"]
[Date "2019.10.07"]
[Round "4"]
[White "Curien, Nicolas"]
[Black "Valet, Richard"]
[Result "1/2-1/2"]
[WhiteElo "2266"]
[BlackElo "2002"]
[PlyCount "69"]
[EventDate "2019.10.04"]
[EventType "swiss"]
[EventRounds "9"]
[EventCountry "ITA"]
[SourceTitle "EXT 2020"]
[Source "ChessBase"]
[SourceDate "2019.10.17"]
[SourceVersion "1"]
[SourceVersionDate "2019.10.17"]
[SourceQuality "1"]

1. d4 Nf6 2. Nc3 d5 3. Bf4 g6 4. e3 Bg7 5. h4 h5 6. Nb5 Na6 7. Nf3 Bg4 8. Bd3 Ne4 9. Nc3 Nxc3 10. bxc3 c5 11. Bb5+ Bd7 12. Bxd7+ Qxd7 13. 0-0 Rc8 14. Qb1 f6 15. a4 cxd4 16. cxd4 Nb8 17. c4 dxc4 18. Qxg6+ Kf8 19. Rfc1 Qg4 20. Qb1 e5 21. dxe5 fxe5 22. Bxe5 Rg8 23. Qb4+ Ke8 24. Qb5+ Nd7 25. Bxg7 Rxg7 26. Ng5 b6 27. g3 Rc5 28. Qb2 Ne5 29. Kf1 Rxg5 30. hxg5 Qf3 31. Qd4 Qh1+ 32. Ke2 Qf3+ 33. Kf1 Qh1+ 34. Ke2 Qf3+ 35. Ke1 1/2-1/2

[Event "Arco op 41st"]
[Site "Arco"]
[Date "2019.10.06"]
[Round "3"]
[White "Valet, Richard"]
[Black "Lupo, Francesco"]
[Result "1-0"]
[WhiteElo "2002"]
[BlackElo "1811"]
[PlyCount "99"]
[EventDate "2019.10.04"]
[EventType "swiss"]
[EventRounds "9"]
[EventCountry "ITA"]
[SourceTitle "EXT 2020"]
[Source "ChessBase"]
[SourceDate "2019.10.17"]
[SourceVersion "1"]
[SourceVersionDate "2019.10.17"]
[SourceQuality "1"]

1. e4 c6 2. d4 d5 3. exd5 cxd5 4. Bd3 Nc6 5. c3 Qc7 6. Ne2 Bg4 7. 0-0 e5 8. dxe5 Qxe5 9. f3 Be6 10. Bf4 Bc5+ 11. Kh1 Qf6 12. Qd2 Nge7 13. Bg5 Qe5 14. f4 Qd6 15. f5 f6 16. Bf4 Ne5 17. fxe6 Qxe6 18. b4 Bb6 19. Nd4 Qd7 20. Bb5 N5c6 21. Na3 0-0 22. Rae1 Ng6 23. Nac2 Nxf4 24. Qxf4 Bc7 25. Qf5 Qxf5 26. Rxf5 Ne5 27. Ne6 Rf7 28. Ne3 a5 29. Nxc7 Rxc7 30. Nxd5 Rf7 31. a4 axb4 32. cxb4 Rc8 33. h3 Rc2 34. a5 Rd2 35. Ne3 Rc7 36. Rf4 Rb2 37. Rd4 Kf8 38. Rd8+ Kf7 39. Nd5 Rcc2 40. Be8+ Ke6 41. Ne3 Rc7 42. b5 Ra2 43. Ra8 Rc3 44. a6 bxa6 45. Rxa6+ Rxa6 46. bxa6 Ra3 47. Bb5 Ra5 48. Rb1 Ke7 49. Nc4 Ra2 50. Re1 1-0

[Event "GER-ch Seniors 50 31st"]
[Site "Radebeul"]
[Date "2019.05.04"]
[Round "9"]
[White "Valet, Richard"]
[Black "Koehler, Gerhard"]
[Result "1/2-1/2"]
[WhiteElo "2051"]
[BlackElo "2153"]
[PlyCount "45"]
[EventDate "2019.04.26"]
[EventType "swiss"]
[EventRounds "9"]
[EventCountry "GER"]
[SourceTitle "CBM 190 Extra"]
[Source "ChessBase"]
[SourceDate "2019.07.15"]
[SourceVersion "1"]
[SourceVersionDate "2019.07.15"]
[SourceQuality "1"]

1. e4 c5 2. Nc3 Nc6 3. g3 e5 4. Bg2 g6 5. d3 Bg7 6. f4 d6 7. Nf3 Nge7 8. 0-0 0-0 9. Be3 Nd4 10. Qd2 exf4 11. Bxf4 Nec6 12. Bh6 Nxf3+ 13. Bxf3 Be6 14. Bg2 Qb6 15. Bxg7 Kxg7 16. Ne2 Rae8 17. c3 Ne5 18. Nf4 Nc6 19. Rf2 Ne5 20. h3 Nc6 21. Kh2 Re7 22. Nh5+ gxh5 23. Qg5+ 1/2-1/2

[Event "GER-ch Seniors 50 31st"]
[Site "Radebeul"]
[Date "2019.04.30"]
[Round "5"]
[White "Valet, Richard"]
[Black "Schatz, Christian"]
[Result "1/2-1/2"]
[WhiteElo "2051"]
[BlackElo "2150"]
[PlyCount "20"]
[EventDate "2019.04.26"]
[EventType "swiss"]
[EventRounds "9"]
[EventCountry "GER"]
[SourceTitle "CBM 190 Extra"]
[Source "ChessBase"]
[SourceDate "2019.07.15"]
[SourceVersion "1"]
[SourceVersionDate "2019.07.15"]
[SourceQuality "1"]

1. e4 c6 2. d4 d5 3. exd5 cxd5 4. Bd3 Nc6 5. c3 g6 6. Bf4 Bg7 7. Nf3 Nf6 8. h3 0-0 9. Qc2 Nd7 10. Nbd2 e5 1/2-1/2

[Event "GER-ch Seniors 50"]
[Site "Hamburg"]
[Date "2018.07.27"]
[Round "7"]
[White "Valet, Richard"]
[Black "Schmidt, Gerhard3333"]
[Result "1-0"]
[WhiteElo "2029"]
[BlackElo "2138"]
[PlyCount "53"]
[EventDate "2018.07.21"]
[EventType "swiss"]
[EventRounds "9"]
[EventCountry "GER"]
[SourceTitle "CBM 186 Extra"]
[Source "ChessBase"]
[SourceDate "2018.08.24"]
[SourceVersion "1"]
[SourceVersionDate "2018.08.24"]
[SourceQuality "1"]

1. e4 c5 2. Nc3 d6 3. g3 Nc6 4. Bg2 g6 5. d3 Bg7 6. f4 e6 7. Nf3 Nge7 8. 0-0 0-0 9. Be3 Nd4 10. Bf2 Nec6 11. Nh4 Bd7 12. Qd2 Qa5 13. g4 Bh6 14. g5 Bg7 15. Rad1 Rfc8 16. Bg3 Bf8 17. f5 exf5 18. Nd5 Be6 19. Nf6+ Kg7 20. c3 Nb5 21. exf5 gxf5 22. Nxf5+ Kh8 23. Qf4 h6 24. Nxh6 Ne5 25. Bxb7 Ng6 26. Qf3 Bxh6 27. Qh5 1-0

[Event "GER-ch Seniors 50"]
[Site "Hamburg"]
[Date "2018.07.25"]
[Round "5"]
[White "Valet, Richard"]
[Black "Metz, Hartmut"]
[Result "0-1"]
[WhiteElo "2029"]
[BlackElo "2293"]
[PlyCount "68"]
[EventDate "2018.07.21"]
[EventType "swiss"]
[EventRounds "9"]
[EventCountry "GER"]
[SourceTitle "CBM 186 Extra"]
[Source "ChessBase"]
[SourceDate "2018.08.24"]
[SourceVersion "1"]
[SourceVersionDate "2018.08.24"]
[SourceQuality "1"]

1. e4 c6 2. d4 d5 3. exd5 cxd5 4. Bd3 Nc6 5. c3 Qc7 6. Ne2 Bg4 7. f3 Bd7 8. Bf4 e5 9. dxe5 Nxe5 10. 0-0 Bd6 11. Na3 a6 12. Nd4 Ne7 13. Nac2 0-0 14. Ne3 Rfe8 15. Bc2 Rad8 16. Bg3 N5g6 17. Bxd6 Qxd6 18. Qd3 Nc6 19. f4 Re4 20. Nef5 Qf6 21. g4 Nxd4 22. Nxd4 Rxf4 23. Rxf4 Qxf4 24. h3 Re8 25. Rf1 Qd6 26. Qf3 Ne5 27. Qf4 Be6 28. g5 Nc4 29. Qh4 g6 30. Rf6 Qe5 31. b3 Nd6 32. Qh6 Qg3+ 33. Kh1 Bxh3 34. Bxg6 Qg2# 0-1

[Event "GER-ch Seniors 50"]
[Site "Hamburg"]
[Date "2018.07.23"]
[Round "3"]
[White "Valet, Richard"]
[Black "Toepper, Olaf"]
[Result "1-0"]
[WhiteElo "2029"]
[BlackElo "1906"]
[PlyCount "65"]
[EventDate "2018.07.21"]
[EventType "swiss"]
[EventRounds "9"]
[EventCountry "GER"]
[SourceTitle "CBM 186 Extra"]
[Source "ChessBase"]
[SourceDate "2018.08.24"]
[SourceVersion "1"]
[SourceVersionDate "2018.08.24"]
[SourceQuality "1"]

1. e4 c5 2. Nc3 d6 3. g3 g6 4. Bg2 Bg7 5. d3 Nc6 6. f4 e6 7. Nf3 Nge7 8. 0-0 0-0 9. Be3 b6 10. Bf2 Ba6 11. Qd2 Qd7 12. g4 f5 13. gxf5 exf5 14. Rae1 Rae8 15. Kh1 fxe4 16. Nxe4 Nf5 17. c3 d5 18. Ng3 d4 19. Nxf5 Qxf5 20. Ng5 Nd8 21. cxd4 cxd4 22. Rxe8 Rxe8 23. Ne4 Bb7 24. Bh4 Bd5 25. Nd6 Bxg2+ 26. Qxg2 Qe6 27. Nxe8 Qxe8 28. Qd5+ Nf7 29. Re1 Qc8 30. f5 Qxf5 31. Re8+ Bf8 32. Qxf5 gxf5 33. Be7 1-0

[Event "GER-ch Seniors 50"]
[Site "Hamburg"]
[Date "2018.07.21"]
[Round "1"]
[White "Valet, Richard"]
[Black "Weis, Hans Juergen"]
[Result "1-0"]
[WhiteElo "2029"]
[BlackElo "1545"]
[PlyCount "79"]
[EventDate "2018.07.21"]
[EventType "swiss"]
[EventRounds "9"]
[EventCountry "GER"]
[SourceTitle "CBM 186 Extra"]
[Source "ChessBase"]
[SourceDate "2018.08.24"]
[SourceVersion "1"]
[SourceVersionDate "2018.08.24"]
[SourceQuality "1"]

1. e4 d6 2. Nc3 Nf6 3. g3 e5 4. Bg2 Nc6 5. d3 Nd4 6. Nce2 c5 7. c3 Ne6 8. f4 g6 9. Nf3 Nd7 10. f5 Ng7 11. 0-0 Be7 12. Bh6 0-0 13. g4 g5 14. Qd2 f6 15. h4 Kh8 16. Kf2 Rg8 17. Rh1 Ne8 18. Rh2 Bf8 19. Rah1 Bxh6 20. hxg5 fxg5 21. Rxh6 Ndf6 22. Ke1 Rg7 23. Nxg5 Nxg4 24. Rxh7+ Rxh7 25. Rxh7+ Kg8 26. Bf3 Nef6 27. Rh4 Qe8 28. Bxg4 Nxg4 29. Rxg4 Qh5 30. Rg1 Kf8 31. d4 exd4 32. cxd4 c4 33. Nf4 Qh4+ 34. Qf2 Qxf2+ 35. Kxf2 d5 36. Nxd5 Bd7 37. Ne6+ Bxe6 38. fxe6 Re8 39. e7+ Kf7 40. Ke3 1-0

[Event "MVP-ch Seniors op 17th"]
[Site "Binz"]
[Date "2017.12.04"]
[Round "6.4"]
[White "Krueger, Erich"]
[Black "Valet, Richard"]
[Result "0-1"]
[WhiteElo "2173"]
[BlackElo "2031"]
[PlyCount "36"]
[EventDate "2017.11.29"]
[EventType "swiss"]
[EventRounds "9"]
[EventCountry "GER"]
[SourceTitle "EXT 2019"]
[Source "ChessBase"]
[SourceDate "2018.10.10"]
[SourceVersion "1"]
[SourceVersionDate "2018.10.10"]
[SourceQuality "1"]

1. d4 Nf6 2. c4 g6 3. Nc3 Bg7 4. e4 d6 5. Be2 0-0 6. Bg5 c5 7. d5 h6 8. Bf4 e6 9. dxe6 Bxe6 10. Bxd6 Re8 11. Nf3 Qb6 12. e5 Nfd7 13. Nb5 Nc6 14. Nc7 Ndxe5 15. Nxe8 Nxf3+ 16. gxf3 Rxe8 17. Qb3 Qa5+ 18. Kf1 Nd4 0-1

[Event "MVP-ch Seniors op 17th"]
[Site "Binz"]
[Date "2017.12.01"]
[Round "3.8"]
[White "Valet, Richard"]
[Black "Hellwege, Werner"]
[Result "1-0"]
[WhiteElo "2031"]
[BlackElo "1918"]
[PlyCount "59"]
[EventDate "2017.11.29"]
[EventType "swiss"]
[EventRounds "9"]
[EventCountry "GER"]
[SourceTitle "EXT 2019"]
[Source "ChessBase"]
[SourceDate "2018.10.10"]
[SourceVersion "1"]
[SourceVersionDate "2018.10.10"]
[SourceQuality "1"]

1. e4 c5 2. Nc3 Nc6 3. g3 g6 4. Bg2 Bg7 5. d3 d6 6. f4 e6 7. Nf3 Nge7 8. 0-0 0-0 9. Be3 Nd4 10. Bf2 Nec6 11. Nh4 e5 12. Nd5 exf4 13. gxf4 Be6 14. c3 Nb5 15. Ne3 Bf6 16. Nf3 Qd7 17. a4 Nc7 18. d4 cxd4 19. cxd4 Bh3 20. d5 Nd8 21. e5 Bxg2 22. Kxg2 dxe5 23. fxe5 Bg7 24. Qb3 Bh6 25. Rad1 Bxe3 26. Bxe3 Ne8 27. Bc5 b6 28. Bxf8 Kxf8 29. e6 fxe6 30. Ne5+ 1-0

[Event "Arco op-A 39th"]
[Site "Arco"]
[Date "2017.10.14"]
[Round "8"]
[White "Bilku, Andras"]
[Black "Valet, Richard"]
[Result "1/2-1/2"]
[WhiteElo "1600"]
[BlackElo "2023"]
[PlyCount "54"]
[EventDate "2017.10.07"]
[EventType "swiss"]
[EventRounds "9"]
[EventCountry "ITA"]
[SourceTitle "CBM 181 Extra"]
[Source "ChessBase"]
[SourceDate "2017.12.12"]
[SourceVersion "1"]
[SourceVersionDate "2017.12.12"]
[SourceQuality "1"]

1. d4 Nf6 2. c4 g6 3. Nc3 Bg7 4. e4 d6 5. h3 0-0 6. Nf3 e5 7. d5 Nh5 8. Nh2 Qe8 9. Be2 Nf4 10. Bf3 f5 11. 0-0 Na6 12. exf5 gxf5 13. Bxf4 exf4 14. Qd2 Be5 15. Ne2 Nc5 16. Rad1 Ne4 17. Qc1 Ng3 18. Rfe1 Nxe2+ 19. Bxe2 Qg6 20. Nf3 Bf6 21. Rd3 Kh8 22. Qxf4 Rg8 23. Bf1 Bd7 24. Rde3 Rg7 25. Kh2 Rag8 26. g3 h5 27. h4 Qh6 1/2-1/2

[Event "Arco op-A 39th"]
[Site "Arco"]
[Date "2017.10.12"]
[Round "6"]
[White "Valet, Richard"]
[Black "Astengo, Corrado"]
[Result "1/2-1/2"]
[WhiteElo "2023"]
[BlackElo "2125"]
[PlyCount "84"]
[EventDate "2017.10.07"]
[EventType "swiss"]
[EventRounds "9"]
[EventCountry "ITA"]
[SourceTitle "CBM 181 Extra"]
[Source "ChessBase"]
[SourceDate "2017.12.12"]
[SourceVersion "1"]
[SourceVersionDate "2017.12.12"]
[SourceQuality "1"]

1. e4 c5 2. Nc3 e6 3. g3 d5 4. exd5 exd5 5. Bg2 Nf6 6. Nge2 d4 7. Ne4 Be7 8. d3 0-0 9. Nf4 Nc6 10. 0-0 Bf5 11. Nxf6+ Bxf6 12. Nd5 Be5 13. Re1 Qd7 14. Bf4 Rfe8 15. Qd2 Bxf4 16. Qxf4 Rac8 17. Qg5 Kh8 18. a3 h6 19. Qh4 Kg8 20. h3 c4 21. g4 Bh7 22. g5 hxg5 23. Qxg5 Qf5 24. Qg3 cxd3 25. cxd3 Rxe1+ 26. Rxe1 Qxd3 27. Nf6+ Kh8 28. Qg4 Qf5 29. Nxh7 Qxg4 30. hxg4 Kxh7 31. Be4+ Kg8 32. Rc1 Rd8 33. Bxc6 Rc8 34. Rc4 Rxc6 35. Rxd4 Rc2 36. Rb4 b6 37. Kg2 Kf8 38. a4 Ke7 39. a5 bxa5 40. Rb7+ Ke6 41. Rxa7 Rxb2 42. Rxa5 Kf6 1/2-1/2

[Event "Arco op-A 39th"]
[Site "Arco"]
[Date "2017.10.09"]
[Round "3"]
[White "Valet, Richard"]
[Black "Bottesi, Gianluca"]
[Result "1-0"]
[WhiteElo "2023"]
[BlackElo "1719"]
[PlyCount "47"]
[EventDate "2017.10.07"]
[EventType "swiss"]
[EventRounds "9"]
[EventCountry "ITA"]
[SourceTitle "CBM 181 Extra"]
[Source "ChessBase"]
[SourceDate "2017.12.12"]
[SourceVersion "1"]
[SourceVersionDate "2017.12.12"]
[SourceQuality "1"]

1. e4 c5 2. Nc3 g6 3. g3 Bg7 4. Bg2 Nc6 5. d3 d6 6. f4 Nf6 7. Nf3 0-0 8. 0-0 Bd7 9. h3 e5 10. g4 h5 11. g5 Ne8 12. f5 gxf5 13. exf5 Bxf5 14. Nh4 Bg6 15. Nd5 Nd4 16. Be4 Ne6 17. Nxg6 fxg6 18. Bxg6 Nxg5 19. Rxf8+ Bxf8 20. Qxh5 Ng7 21. Qxg5 Qxg5+ 22. Bxg5 Ne6 23. h4 Nxg5 24. hxg5 1-0

[Event "GER-chT Seniors 26th"]
[Site "Templin"]
[Date "2017.10.01"]
[Round "7.15"]
[White "Valet, Richard"]
[Black "Oechslein, Rainer"]
[Result "1/2-1/2"]
[WhiteElo "2023"]
[BlackElo "2294"]
[PlyCount "35"]
[EventDate "2017.09.25"]
[EventType "team-swiss"]
[EventRounds "7"]
[EventCountry "GER"]
[SourceTitle "EXT 2019"]
[Source "ChessBase"]
[SourceDate "2018.10.10"]
[SourceVersion "1"]
[SourceVersionDate "2018.10.10"]
[SourceQuality "1"]
[WhiteTeam "Mecklenburg Vorpommern"]
[BlackTeam "Bayern"]
[WhiteTeamCountry "GER"]
[BlackTeamCountry "GER"]

1. e4 c5 2. Nc3 Nc6 3. g3 g6 4. Bg2 Bg7 5. d3 e6 6. Be3 d6 7. f4 Nge7 8. Nf3 Nd4 9. 0-0 0-0 10. Bf2 e5 11. Qd2 Rb8 12. Nh4 b5 13. Nd1 b4 14. c3 bxc3 15. bxc3 Qa5 16. Rc1 Bg4 17. Kh1 Ndc6 18. Ne3 1/2-1/2